Top 50 East Coast Hip-Hop Albums - Statistics

General Stats
  • This quiz has been taken 70 times
  • The average score is 18 of 50
Answer Stats
Artist Album % Correct
#1: Nas Illmatic
100%
#6: The Notorious B.I.G. Ready to Die
83%
#4: Genius/GZA Liquid Swords
75%
#7: Mobb Deep The Infamous
74%
#3: A Tribe Called Quest The Low End Theory
72%
#2: Wu-Tang Clan Enter the Wu-Tang (36 Chambers)
63%
#11: MF DOOM Mm.. Food
62%
#5: A Tribe Called Quest Midnight Marauders
60%
#23: Jay-Z The Blueprint
60%
#10: Mos Def Black on Both Sides
58%
#19: Jay-Z Reasonable Doubt
58%
#12: Chef Raekwon Only Built 4 Cuban Linx...
55%
#33: Eric B. & Rakim Paid in Full
51%
#29: Ghostface Killah Ironman
48%
#34: MF DOOM Operation: Doomsday
48%
#9: Public Enemy It Takes a Nation of Millions to Hold Us Back
46%
#8: Beastie Boys Paul's Boutique
40%
#25: Ghostface Killah Supreme Clientele
40%
#15: Gang Starr Moment of Truth
35%
#17: The Roots Things Fall Apart
35%
#28: De La Soul 3 Feet High and Rising
32%
#22: Viktor Vaughn Vaudeville Villain
32%
#20: Public Enemy Fear of a Black Planet
31%
#16: Big L Lifestylez ov da Poor & Dangerous
29%
#24: Pete Rock & C.L. Smooth Mecca and the Soul Brother
29%
#18: Black Star Mos Def & Talib Kweli Are Black Star
29%
#14: A Tribe Called Quest We Got It from Here... Thank You 4 Your Service
29%
#46: De La Soul De La Soul is Dead
28%
#26: A Tribe Called Quest People's Instinctive Travels and the Paths of Rhythm
28%
#44: Ghostface Killah Fishscale
26%
#47: Gang Starr Hard to Earn
25%
#31: Digable Planets Blowout Comb
23%
#48: Redman Muddy Waters
23%
#21: Cannibal Ox The Cold Vein
23%
#30: Gravediggaz 6 Feet Deep
22%
#36: Eric B. & Rakim Follow the Leader
22%
#37: The Roots Illadelph Halflife
22%
#39: Beastie Boys Ill Communication
22%
#13: Organized Konfusion Stress: The Extinction Agenda
22%
#35: Jeru the Damaja The Sun Rises in the East
20%
#32: The Roots Game Theory
18%
#42: Beastie Boys Check Your Head
15%
#41: Ultramagnetic MC's Critical Beatdown
15%
#50: Masta Ace A Long Hot Summer
14%
#27: Pete Rock & C.L. Smooth The Main Ingredient
14%
#43: De La Soul Buhloone Mind State
12%
#49: Reflection Eternal Train of Thought
11%
#45: Gang Starr Daily Operation
9%
#38: O.C. Word...Life
9%
#40: Kool G. Rap & DJ Polo Live and Let Die
6%
No matching quizzes found
Score Distribution
Percent of People with Each Score
Percentile by Number Answered
Your Score History
You have not taken this quiz